| 000 | 01093nas a2200313 4500 | ||
|---|---|---|---|
| 001 | BR9210646 | ||
| 003 | BR-BrBNA | ||
| 005 | 20231205093414.0 | ||
| 007 | ta | ||
| 008 | 230509b bl.|||p| |||| 00| 00por d | ||
| 040 |
_aBR-BrBNA _bpor _cBiblioteca Nacional de Agricultura |
||
| 041 | _a(Pt) | ||
| 072 | _aL02 | ||
| 100 | 1 | _aPimentel, J.C.M. | |
| 100 | 1 | _aNascimento Junior, D. do | |
| 100 | 1 | _aAraujo Filho, J.A. de | |
| 100 | 1 | _aRegazzi, A.J. | |
| 100 | 1 | _aMesquita, R.C.M. | |
| 245 | 1 | _aConsumo voluntario de materia organica por ovinos da raca Morada Nova, em area de caatinga raleada no sertao centro-norte do Ceara | |
| 246 | 1 | _aVoluntary consumption of organic matter for "Morada Nova" sheeps, in a "caatinga" area located at Sobral, Ceara, Brazil | |
| 650 | _aOVINO | ||
| 650 | _aDIETA | ||
| 650 | _aMATERIA ORGANICA | ||
| 650 | _aCEARA | ||
| 650 | _aCAATINGA | ||
| 773 | 0 |
_tRevista da Sociedade Brasileira de Zootecnia (Brazil) _xISSN 0100-4859 _g(Mar-Apr 1992), v. 21(2) p. 233-241 _wBR9210646 |
|
| 909 |
_a202311 _bLúcia _c55 _dLúcia Elande |
||
| 942 |
_2AGRIS _n0 _cANA |
||
| 999 |
_c138112 _d138112 |
||